Financial markets and institutions /

Bibliographic Details
Main Author: Frederic S. Mishkin
Format: Unknown
Published: Pearson,
Edition:Global Tenth edition.
LEADER 00234 a2200097 4500
100 |a Frederic S. Mishkin.  |9 60731 
245 |a Financial markets and institutions / 
250 |a Global Tenth edition. 
260 |b Pearson, 
942 |c BK 
999 |c 47956  |d 47956